NLIS: the way forward (Record no. 71796)

MARC details
000 -LEADER
fixed length control field 01050cam a2200229 4500
001 - CONTROL NUMBER
control field ABS66289
008 - FIXED-LENGTH DATA ELEMENTS--GENERAL INFORMATION
fixed length control field 021217n2002 000 0 eng u
035 ## - SYSTEM CONTROL NUMBER
System control number (Sirsi) u120816
100 ## - MAIN ENTRY--PERSONAL NAME
Personal name Fulwood, N
245 ## - TITLE STATEMENT
Title NLIS: the way forward
260 ## - PUBLICATION, DISTRIBUTION, ETC.
Date of publication, distribution, etc. 2002
490 ## - SERIES STATEMENT
Series statement Solicitors' Journal
Volume/sequential designation 146(43) 15 November 2002, 1028-1029(2)
520 ## - SUMMARY, ETC.
Summary, etc. Comments on benefits of online searching for land and property, with assessment of NLIS since its' launch in 2001. It aims to speed up the delivery of land and property searches to solicitors, but only 2000 firms have registered online so far. Suggests this reluctance to resister online has been due to initial doubts about the system, but warns that firms will be left behind as the technology advances quickly.
590 ## - LOCAL NOTE (RLIN)
Local note ABS
650 ## - SUBJECT ADDED ENTRY--TOPICAL TERM
Topical term or geographic name entry element NATIONAL LAND INFORMATION SERVICE
650 ## - SUBJECT ADDED ENTRY--TOPICAL TERM
Topical term or geographic name entry element NATIONAL LAND INFORMATION SERVICE
650 ## - SUBJECT ADDED ENTRY--TOPICAL TERM
Topical term or geographic name entry element LAND SEARCHES
650 ## - SUBJECT ADDED ENTRY--TOPICAL TERM
Topical term or geographic name entry element PROPERTY SEARCHES
650 ## - SUBJECT ADDED ENTRY--TOPICAL TERM
Topical term or geographic name entry element LAND REGISTRATION ACT 2002
690 ## - LOCAL SUBJECT ADDED ENTRY--TOPICAL TERM (OCLC, RLIN)
Topical term or geographic name as entry element PROPERTY AND LAND LAW-CONVEYANCING
942 ## - ADDED ENTRY ELEMENTS (KOHA)
Suppress in OPAC 0
Holdings
Withdrawn status Lost status Source of classification or shelving scheme Damaged status Not for loan Home library Current library Shelving location Date acquired Total Checkouts Full call number Barcode Date last seen Copy number Price effective from Koha item type
    Dewey Decimal Classification     London London Journal article 17/12/2002   ABS66289 120816-1001 06/08/2019 1 06/08/2019 Journal article